000 00679nam a22002057a 4500
003 SISC
005 20160224135442.0
008 130824t xxu||||| |||| 00| 0 eng d
020 _a0028341759
050 _aQA 159
_b.H739 2001
082 _aHS 512.1
_bAd9 2001
100 _aHolliday, Berchie
_913634
245 _aGlencoe advanced mathematical concepts :
_bprecalculus with applications /
_cBerchie Holliday, Gilbert J. Cuevas, Melissa S. McClure, John A. Carter, Daniel Marks
260 _aNew York :
_bMcGraw-Hill,
_c2001.
300 _axiv, 983p. :
_bcol. : ill ;
_c26 cm.
562 _e1
600 _aGilvert J. Cuevas
_913635
942 _2lcc
_cBK
999 _c9442
_d9442